[Event "Verona op-B"]
[Site "Verona"]
[Date "2017.01.05"]
[Round "5.14"]
[White "Ghiotto, Marco Luigi"]
[Black "Guglielmi, Dante"]
[Result "1-0"]
[WhiteElo "1730"]
[BlackElo "1782"]
[PlyCount "141"]
[EventDate "2017.01.02"]
[EventType "swiss"]
[EventRounds "7"]
[EventCountry "ITA"]
[SourceTitle "EXT 2018"]
[Source "ChessBase"]
[SourceDate "2017.10.13"]
[SourceVersion "1"]
[SourceVersionDate "2017.10.13"]
[SourceQuality "1"]

1. e4 c5 2. Nf3 d6 3. d4 cxd4 4. Nxd4 Nf6 5. Nc3 Nc6 6. f3 e5 7. Nb3 Be6 8. Bg5 Be7 9. Bxf6 Bxf6 10. Nd5 Bxd5 11. Qxd5 0-0 12. c3 a5 13. a4 Qb6 14. Be2 Ne7 15. Qb5 Qxb5 16. Bxb5 d5 17. Nc5 dxe4 18. fxe4 Rfb8 19. 0-0 Bg5 20. Nd7 Rd8 21. Nxe5 f6 22. Bc4+ Kf8 23. Nf7 Be3+ 24. Kh1 Rd2 25. Rab1 Ng6 26. Rfd1 Rc8 27. Rxd2 Bxd2 28. Bb3 Rc7 29. Rd1 Rd7 30. g3 h5 31. Kg2 h4 32. Kf3 hxg3 33. hxg3 Ke7 34. Ke2 Bh6 35. Nxh6 gxh6 36. Rh1 Kf8 37. Rxh6 Kg7 38. Rh1 Rd6 39. Bd5 Rb6 40. Rb1 Ne5 41. b4 Kg6 42. b5 Nd7 43. Ke3 f5 44. Kd4 fxe4 45. Bxe4+ Kg5 46. Rf1 Rd6+ 47. Ke3 b6 48. Rf4 Nc5 49. Bc2 Re6+ 50. Kf2 Rd6 51. Rd4 Rf6+ 52. Ke2 Re6+ 53. Kd2 Rf6 54. Ke2 Re6+ 55. Kf3 Rf6+ 56. Rf4 Rd6 57. Ke3 Re6+ 58. Kd4 Re2 59. Rf5+ Kg4 60. Bd1 Kxf5 61. Bxe2 Nxa4 62. Bd1 Nb2 63. Bc2+ Kg4 64. c4 a4 65. Kc3 a3 66. Bb3 Nxc4 67. Kxc4 Kxg3 68. Kd5 Kf4 69. Kc6 Ke5 70. Kxb6 Kd6 71. Ka7 1-0

[Event "Verona op-B"]
[Site "Verona"]
[Date "2017.01.02"]
[Round "1.14"]
[White "Kurylovich, Alena"]
[Black "Guglielmi, Dante"]
[Result "1-0"]
[WhiteElo "1644"]
[BlackElo "1782"]
[PlyCount "72"]
[EventDate "2017.01.02"]
[EventType "swiss"]
[EventRounds "7"]
[EventCountry "ITA"]
[SourceTitle "EXT 2018"]
[Source "ChessBase"]
[SourceDate "2017.10.13"]
[SourceVersion "1"]
[SourceVersionDate "2017.10.13"]
[SourceQuality "1"]

1. c4 Nf6 2. Nc3 g6 3. g3 Bg7 4. Bg2 0-0 5. e3 c5 6. Nge2 Nc6 7. 0-0 d6 8. d4 Rb8 9. a3 Na5 10. b4 cxd4 11. exd4 Nxc4 12. a4 a6 13. Ra2 e5 14. Qd3 exd4 15. Nxd4 Ne5 16. Qb1 Qb6 17. Nde2 Bf5 18. Ne4 d5 19. Be3 Qd8 20. Nxf6+ Bxf6 21. Qd1 Nd3 22. Qd2 Qd6 23. g4 Bxg4 24. Qxd3 Qxb4 25. h3 Bf5 26. Qd2 Qxd2 27. Rxd2 Bd7 28. Bf4 Rbd8 29. Bxd5 Bxh3 30. Rc1 Rfe8 31. Ng3 Rc8 32. Rxc8 Bxc8 33. Rc2 b5 34. axb5 axb5 35. Rc7 Be7 36. Bc6 Bd8 1-0

[Event "Porto Sant Elpidio op 18th"]
[Site "Porto Sant Elpidio"]
[Date "2015.11.22"]
[Round "2"]
[White "Serpilli, Francesco"]
[Black "Guglielmi, Dante"]
[Result "1/2-1/2"]
[WhiteElo "1564"]
[BlackElo "1876"]
[PlyCount "119"]
[EventDate "2015.11.21"]
[EventType "swiss"]
[EventRounds "6"]
[EventCountry "ITA"]
[SourceTitle "EXT 2018"]
[Source "ChessBase"]
[SourceDate "2017.10.13"]
[SourceVersion "1"]
[SourceVersionDate "2017.10.13"]
[SourceQuality "1"]

1. d4 d5 2. c4 e6 3. Nc3 Nf6 4. cxd5 exd5 5. Bg5 Nbd7 6. e3 Be7 7. Qc2 0-0 8. Bd3 c5 9. Nge2 cxd4 10. Nxd4 Ne5 11. Bf5 g6 12. Bxc8 Rxc8 13. 0-0 Re8 14. Rfd1 Ne4 15. Bxe7 Rxe7 16. Qb3 Nxc3 17. bxc3 Rec7 18. Ne2 Rd7 19. Rac1 Rc5 20. Qb4 Qc7 21. Qb3 Ng4 22. g3 h5 23. Nf4 Qc6 24. Rd4 Ne5 25. Kg2 Rc4 26. Ne2 g5 27. Qc2 Qf6 28. Ng1 Ng4 29. Nf3 b5 30. Rxc4 dxc4 31. Nd4 Rd5 32. Qe2 Qg6 33. Qf3 Nf6 34. h3 Qe4 35. Qxe4 Nxe4 36. Rc2 Kg7 37. f3 Nf6 38. e4 Rc5 39. Kf2 g4 40. h4 Re5 41. Nc6 Re6 42. Nxa7 gxf3 43. Kxf3 Nxe4 44. Nxb5 Nf6 45. Nd4 Re8 46. Rb2 Nd5 47. Re2 Ra8 48. Nb5 Rb8 49. a4 Ra8 50. Ke4 Nf6+ 51. Kd4 Rxa4 52. Nd6 Ra5 53. Kxc4 Ra4+ 54. Kd3 Rg4 55. Re3 Nd5 56. Rf3 Nf6 57. Nf5+ Kg6 58. Ne7+ Kg7 59. Nf5+ Kg6 60. Ne7+ 1/2-1/2

[Event "Porto Sant Elpidio op 17th"]
[Site "Porto Sant Elpidio"]
[Date "2014.11.22"]
[Round "1"]
[White "Vannicola, Roberto"]
[Black "Guglielmi, Dante"]
[Result "0-1"]
[WhiteElo "1560"]
[BlackElo "1907"]
[PlyCount "88"]
[EventDate "2014.11.22"]
[EventType "swiss"]
[EventRounds "6"]
[EventCountry "ITA"]
[SourceTitle "EXT 2017"]
[Source "ChessBase"]
[SourceDate "2016.10.25"]
[SourceVersion "1"]
[SourceVersionDate "2016.10.25"]
[SourceQuality "1"]

1. c4 Nf6 2. Nc3 g6 3. g3 Bg7 4. Bg2 0-0 5. Nf3 c5 6. 0-0 Nc6 7. a3 d6 8. d3 Rb8 9. Rb1 Bd7 10. Bd2 Qc8 11. Re1 Ng4 12. h4 h6 13. Nh2 Nce5 14. Nd5 Re8 15. Nxg4 Bxg4 16. Qc1 Kh7 17. f3 Bd7 18. Bc3 b5 19. b3 e6 20. Ne3 bxc4 21. Nxc4 Nxc4 22. Bxg7 Kxg7 23. dxc4 Qc7 24. Qd2 d5 25. cxd5 Qxg3 26. dxe6 Bxe6 27. Qc3+ Kh7 28. Qxc5 Rxb3 29. Qxa7 Reb8 30. Rbc1 Qxh4 31. a4 Qg3 32. a5 Ra3 33. Rb1 Rxb1 34. Rxb1 Ra2 35. Qf2 Qe5 36. Re1 Qxa5 37. Qf1 Bc4 38. Qf2 Qd2 39. Bf1 h5 40. Qc5 Qxe1 41. Qxc4 Qg3+ 42. Kh1 Ra7 43. Qd4 Rc7 44. Qd8 Rc1 0-1

[Event "Fermo Province-ch"]
[Site "Fermo"]
[Date "2013.01.20"]
[Round "3"]
[White "Guglielmi, Dante"]
[Black "Gasparroni, Riccardo"]
[Result "1/2-1/2"]
[WhiteElo "1917"]
[BlackElo "1747"]
[PlyCount "95"]
[EventDate "2013.01.19"]
[EventType "swiss"]
[EventRounds "6"]
[EventCountry "ITA"]
[SourceTitle "EXT 2014"]
[Source "ChessBase"]
[SourceDate "2013.11.20"]
[SourceVersion "1"]
[SourceVersionDate "2013.11.20"]
[SourceQuality "1"]

1. c4 f5 2. Nc3 Nf6 3. g3 g6 4. Bg2 Bg7 5. d4 c6 6. Nf3 0-0 7. 0-0 Ne4 8. Qb3 Qb6 9. Rd1 Qxb3 10. axb3 Nxc3 11. bxc3 d6 12. Ba3 f4 13. c5 d5 14. Bc1 fxg3 15. hxg3 Bf5 16. Nd2 Bc2 17. Re1 e5 18. Ra2 Bf5 19. Bb2 exd4 20. cxd4 Na6 21. Bc3 Nc7 22. e3 Ne6 23. b4 Ng5 24. e4 dxe4 25. Nxe4 Nxe4 26. Bxe4 Bxe4 27. Rxe4 a6 28. Rae2 Rad8 29. Re7 Rf7 30. R2e4 Rd7 31. Rxf7 Kxf7 32. Kf1 Re7 33. f3 g5 34. Ke2 h5 35. Ke3 Bf6 36. Rxe7+ Kxe7 37. Ke4 Ke6 38. Bd2 Be7 39. f4 gxf4 40. gxf4 h4 41. f5+ Kf6 42. Bf4 h3 43. Bg3 Kg5 44. Ke5 Bf6+ 45. Ke4 Kg4 46. Bh2 Kg5 47. Bg3 Kg4 48. Bh2 1/2-1/2

[Event "ITA-ch B"]
[Site "Civitanova Marche"]
[Date "2012.07.22"]
[Round "8"]
[White "Guglielmi, Dante"]
[Black "Chiarion, Elisa"]
[Result "0-1"]
[WhiteElo "1897"]
[BlackElo "2004"]
[PlyCount "58"]
[EventDate "2012.07.15"]
[EventType "swiss"]
[EventRounds "8"]
[EventCountry "ITA"]
[SourceTitle "EXT 2023"]
[Source "ChessBase"]
[SourceDate "2022.10.05"]
[SourceVersion "1"]
[SourceVersionDate "2022.10.05"]
[SourceQuality "1"]

1. c4 c6 2. Nf3 d5 3. e3 e6 4. Nc3 Nf6 5. b3 Nbd7 6. Bb2 Bd6 7. d4 0-0 8. Bd3 Re8 9. 0-0 e5 10. dxe5 Nxe5 11. Nxe5 Bxe5 12. cxd5 Bxh2+ 13. Kxh2 Ng4+ 14. Kg3 Qg5 15. f4 Qh6 16. Bc1 Qh2+ 17. Kf3 Qh4 18. Qe1 Nh2+ 19. Ke2 Qh5+ 20. Kd2 Nxf1+ 21. Qxf1 cxd5 22. Nb5 Bg4 23. Bb2 a6 24. Nc7 d4 25. Nxa8 Qa5+ 26. Kc1 dxe3 27. Nb6 Qd2+ 28. Kb1 e2 29. Bxe2 Bxe2 0-1

[Event "Porto San Giorgio op 23rd"]
[Site "Porto San Giorgio"]
[Date "2011.08.26"]
[Round "7"]
[White "Guglielmi, Dante"]
[Black "Ottaviani, Gianluca"]
[Result "0-1"]
[WhiteElo "1878"]
[BlackElo "1949"]
[PlyCount "58"]
[EventDate "2011.08.21"]
[EventType "swiss"]
[EventRounds "9"]
[EventCountry "ITA"]
[SourceTitle "CBM 144 Extra"]
[Source "ChessBase"]
[SourceDate "2011.10.28"]
[SourceVersion "1"]
[SourceVersionDate "2011.10.28"]
[SourceQuality "1"]

1. c4 e6 2. Nf3 d5 3. e3 Nf6 4. b3 c5 5. Bb2 Nc6 6. Be2 Be7 7. d4 0-0 8. 0-0 b6 9. Nc3 Bb7 10. dxc5 bxc5 11. cxd5 exd5 12. Qc2 Qb8 13. Rac1 Rd8 14. Rfd1 d4 15. exd4 cxd4 16. Nb5 Nb4 17. Qb1 Be4 18. Qa1 d3 19. Bf1 Qxb5 20. Rc4 Nc2 21. Qc1 Qf5 22. Nh4 Qe6 23. Qf4 Bd6 24. Qg5 h6 25. Qa5 Bh7 26. Qc3 Rab8 27. Bxd3 Bxd3 28. Rxd3 Bb4 29. Rxb4 Nxb4 0-1

[Event "Porto San Giorgio op 23rd"]
[Site "Porto San Giorgio"]
[Date "2011.08.23"]
[Round "3"]
[White "Crafa, Carmine"]
[Black "Guglielmi, Dante"]
[Result "0-1"]
[WhiteElo "1805"]
[BlackElo "1878"]
[PlyCount "58"]
[EventDate "2011.08.21"]
[EventType "swiss"]
[EventRounds "9"]
[EventCountry "ITA"]
[SourceTitle "CBM 144 Extra"]
[Source "ChessBase"]
[SourceDate "2011.10.28"]
[SourceVersion "1"]
[SourceVersionDate "2011.10.28"]
[SourceQuality "1"]

1. e4 c5 2. Nf3 d6 3. d4 cxd4 4. Nxd4 Nf6 5. Nc3 a6 6. Bc4 e6 7. Bb3 Be7 8. 0-0 0-0 9. Qf3 Nc6 10. Nxc6 bxc6 11. Qg3 Kh8 12. Be3 Qa5 13. f4 Qh5 14. e5 dxe5 15. fxe5 Ng4 16. Bd4 c5 17. h3 cxd4 18. hxg4 Qg6 19. Na4 Bb7 20. Rf4 Rad8 21. Bc4 Qxc2 22. Bd3 Qxa4 23. Bxh7 Kxh7 24. g5 Qc2 25. Qh3+ Kg8 26. Rh4 Qxg2+ 27. Qxg2 Bxg2 28. Kxg2 Bxg5 29. Rh5 Bh6 0-1

[Event "Fermo Province-ch"]
[Site "Porto Sant Elpidio"]
[Date "2011.01.30"]
[Round "6"]
[White "Guglielmi, Dante"]
[Black "Giobbi, Costantino"]
[Result "1/2-1/2"]
[WhiteElo "1911"]
[BlackElo "1894"]
[PlyCount "138"]
[EventDate "2011.01.22"]
[EventType "swiss"]
[EventRounds "6"]
[EventCountry "ITA"]
[SourceTitle "EXT 2012"]
[Source "ChessBase"]
[SourceDate "2011.11.24"]
[SourceVersion "1"]
[SourceVersionDate "2011.11.24"]
[SourceQuality "1"]

1. c4 e5 2. Nc3 Nf6 3. g3 Nc6 4. Bg2 Bc5 5. e3 d6 6. Nge2 0-0 7. 0-0 a5 8. d4 Bb6 9. b3 Re8 10. d5 Nb4 11. a3 Na6 12. Bb2 Ng4 13. h3 Nh6 14. Na4 Ba7 15. Bc3 Bd7 16. Bxa5 Bxa4 17. bxa4 Nc5 18. Nc3 Qd7 19. Bb4 f5 20. a5 Nf7 21. Nb5 Bb8 22. f4 g6 23. Re1 Qe7 24. Qc2 Rc8 25. e4 Nxe4 26. Bxe4 fxe4 27. Qxe4 c6 28. dxc6 bxc6 29. Nc3 Qa7+ 30. Kg2 d5 31. cxd5 c5 32. Na4 cxb4 33. Nb6 Bd6 34. axb4 Rcb8 35. Rec1 Qa6 36. Nxa8 Rxb4 37. Nc7 Qa7 38. Qe1 Rb2+ 39. Kh1 Bxc7 40. Qg1 Qb7 41. Qc5 exf4 42. gxf4 Nd6 43. a6 Qc8 44. Ra3 Qe8 45. Re3 Qf7 46. Qd4 Bb6 47. Qxb2 Bxe3 48. Rf1 Qxd5+ 49. Kh2 Qe4 50. Qe5 Qc2+ 51. Kh1 Qc6+ 52. Kh2 Nf5 53. Qb8+ Kg7 54. Qb7+ Qxb7 55. axb7 Ba7 56. Ra1 Bb8 57. Ra8 Bxf4+ 58. Kg2 h5 59. b8Q Bxb8 60. Rxb8 Kf6 61. Rb6+ Kg5 62. Kf3 Nh4+ 63. Kf2 Nf5 64. Rb4 Nh4 65. Rb5+ Nf5 66. Kg2 Kf4 67. Kh2 Kg5 68. Rb4 Nh4 69. Kg3 Nf5+ 1/2-1/2

[Event "Mirandola Giovanni Pico op 4th"]
[Site "Mirandola"]
[Date "2011.01.16"]
[Round "4"]
[White "Guglielmi, Dante"]
[Black "Vincenzi, Marco"]
[Result "0-1"]
[WhiteElo "1911"]
[BlackElo "2091"]
[PlyCount "96"]
[EventDate "2011.01.14"]
[EventType "swiss"]
[EventRounds "5"]
[EventCountry "ITA"]
[SourceTitle "EXT 2012"]
[Source "ChessBase"]
[SourceDate "2011.11.24"]
[SourceVersion "1"]
[SourceVersionDate "2011.11.24"]
[SourceQuality "1"]

1. c4 Nf6 2. Nc3 c5 3. g3 d5 4. cxd5 Nxd5 5. Bg2 Nc7 6. Nf3 Nc6 7. 0-0 e5 8. d3 Be7 9. Bd2 0-0 10. Rc1 f5 11. h4 Kh8 12. Bg5 Be6 13. b3 Bf6 14. Na4 b6 15. Bxf6 Qxf6 16. Ng5 Bd5 17. e4 fxe4 18. Bxe4 Bxe4 19. dxe4 Nd4 20. f4 Nce6 21. Qh5 Nxg5 22. hxg5 Qg6 23. Qxg6 hxg6 24. Nc3 Kg8 25. Kg2 Rf7 26. Rf2 Re8 27. Rcf1 b5 28. f5 gxf5 29. exf5 e4 30. Nd5 e3 31. Rb2 Rxf5 32. Rxf5 Nxf5 33. Nf4 Nd4 34. Ne2 Kh7 35. Kh3 Kg6 36. Kg4 Re4+ 37. Nf4+ Rxf4+ 38. gxf4 e2 39. f5+ Kf7 40. Rb1 Nc2 41. Kf4 e1Q 42. Rxe1 Nxe1 43. Ke5 Nf3+ 44. Kd5 Nxg5 45. Kxc5 Ne4+ 46. Kxb5 Nc3+ 47. Ka6 Nxa2 48. Kxa7 Kf6 0-1

[Event "Porto San Giorgio Weekend-A 13th"]
[Site "Porto San Giorgio"]
[Date "2010.11.28"]
[Round "5"]
[White "Viviani, Alessio"]
[Black "Guglielmi, Dante"]
[Result "0-1"]
[WhiteElo "1958"]
[BlackElo "1906"]
[PlyCount "74"]
[EventDate "2010.11.20"]
[EventType "swiss"]
[EventRounds "6"]
[EventCountry "ITA"]
[SourceTitle "EXT 2024"]
[Source "ChessBase"]
[SourceDate "2023.10.10"]
[SourceVersion "1"]
[SourceVersionDate "2023.10.10"]
[SourceQuality "1"]

1. d4 d5 2. c4 e6 3. Nc3 Nf6 4. Nf3 Be7 5. Bg5 0-0 6. e3 a6 7. Bd3 dxc4 8. Bxc4 b5 9. Bb3 Bb7 10. 0-0 Nbd7 11. Bxf6 Nxf6 12. Qe2 c5 13. dxc5 Bxc5 14. Rfd1 Qb6 15. Rd2 Rfd8 16. Rad1 Rxd2 17. Qxd2 Ng4 18. Kh1 Qc7 19. h3 Bxf3 20. hxg4 Bxd1 21. Qxd1 Rd8 22. Qf3 Bb4 23. Ne4 Qc1+ 24. Kh2 Qxb2 25. Qf4 Bc3 26. Qg5 Bf6 27. Qc5 Qe5+ 28. Qxe5 Bxe5+ 29. f4 Bc7 30. Kg1 Bb6 31. f5 Bxe3+ 32. Kf1 exf5 33. gxf5 a5 34. Ke2 Bc1 35. g4 a4 36. Bc2 Rd4 37. g5 b4 0-1